[Event "Asia-ch Amateur"]
[Site "Dubai"]
[Date "2023.09.01"]
[Round "7"]
[White "Saket, Kumar"]
[Black "Mohammed Tareq, Abbood Al Latoof"]
[Result "0-1"]
[WhiteElo "1406"]
[BlackElo "1887"]
[PlyCount "116"]
[EventDate "2023.08.28"]
[EventType "swiss"]
[EventRounds "9"]
[EventCountry "UAE"]
[SourceTitle "CBM 216 Extra"]
[Source "ChessBase"]
[SourceDate "2023.11.30"]
[SourceVersion "1"]
[SourceVersionDate "2023.11.30"]
[SourceQuality "1"]

1. e4 c5 2. Nf3 g6 3. d4 cxd4 4. Nxd4 Bg7 5. Nc3 Nc6 6. Be3 d6 7. Qd2 Nf6 8. f3 0-0 9. Bc4 e6 10. Ndb5 d5 11. exd5 exd5 12. Be2 a6 13. Nd4 Re8 14. 0-0-0 Be6 15. h4 Rc8 16. g4 b5 17. h5 b4 18. Nb1 Qa5 19. hxg6 hxg6 20. g5 Nd7 21. Nxc6 Rxc6 22. Bd4 Rec8 23. c3 Qxa2 24. Bxg7 Kxg7 25. Qd4+ Kf8 26. Qxb4+ Nc5 27. Bd3 a5 28. Qa3 Qxa3 29. Nxa3 d4 30. Rh8+ Ke7 31. Rxc8 Rxc8 32. Nb5 dxc3 33. Nxc3 a4 34. Bc2 Nb3+ 35. Bxb3 axb3 36. Rd4 Rc5 37. f4 Ra5 38. Ra4 Rc5 39. Kd2 Rc8 40. Rd4 Rh8 41. Re4 Kd6 42. Re2 Bf5 43. Ne4+ Kd5 44. Nc3+ Kc4 45. Ne4 Bg4 46. Nd6+ Kd4 47. Nxf7 Rh1 48. Re1 Rh2+ 49. Kc1 Bf5 50. Rd1+ Ke3 51. Re1+ Kxf4 52. Rf1+ Kg3 53. Rg1+ Kh3 54. Nd6 Bd3 55. Nf7 Rc2+ 56. Kd1 Rxb2 57. Re1 Rb1+ 58. Kd2 Rxe1 0-1

[Event "Asia-ch Amateur"]
[Site "Muscat"]
[Date "2022.10.01"]
[Round "3"]
[White "Mohammed Tareq, Abbood Al Latoof"]
[Black "Krishanu, Sai"]
[Result "1-0"]
[WhiteElo "1957"]
[BlackElo "1748"]
[PlyCount "61"]
[EventDate "2022.09.29"]
[EventType "swiss"]
[EventRounds "9"]
[EventCountry "OMN"]
[SourceTitle "CBM 210 Extra"]
[Source "ChessBase"]
[SourceDate "2022.11.30"]
[SourceVersion "1"]
[SourceVersionDate "2022.11.30"]
[SourceQuality "1"]

1. e4 e5 2. Nf3 Nc6 3. d3 Nf6 4. g3 d5 5. Nbd2 h6 6. Bg2 Bc5 7. 0-0 0-0 8. c3 a5 9. Qc2 Bb6 10. exd5 Nxd5 11. Nc4 Re8 12. Re1 Qf6 13. Nxb6 Nxb6 14. Nd4 Nxd4 15. cxd4 c6 16. f4 Bf5 17. fxe5 Qe6 18. Be4 Bg4 19. b3 Red8 20. Bb2 Nd5 21. Qd2 Nc7 22. Rac1 Rd7 23. Rf1 a4 24. Rf4 h5 25. Rcf1 Bh3 26. Rf6 gxf6 27. exf6 Qg4 28. Qh6 Ne6 29. Bh7+ Kh8 30. Bg6+ Kg8 31. Qh7+ 1-0